FIFA World Cup 2026 - Belgium Squad - Statistics

General Stats
  • This quiz has been taken 22 times
  • The average score is 25 of 27
Answer Stats
Team # Position Club/Country Player % Correct
Belgium 22 RM AC Milan Alexis Saelemaekers
100%
Belgium 24 DM Aston Villa Amadou Onana
100%
Belgium 3 CB Eintracht Frankfurt Arthur Theate
100%
Belgium 6 DM Girona FC Axel Witsel
100%
Belgium 17 AM Atalanta BC Charles De Ketelaere
100%
Belgium 11 LW Manchester City Jérémy Doku
100%
Belgium 7 AM SSC Napoli Kevin De Bruyne
100%
Belgium 10 LW Arsenal FC Leandro Trossard
100%
Belgium 9 ST SSC Napoli Romelu Lukaku
100%
Belgium 12 GK Manchester United Senne Lammens
100%
Belgium 1 GK Real Madrid Thibaut Courtois
100%
Belgium 21 RB Fulham FC Timothy Castagne
100%
Belgium 8 CM Aston Villa Youri Tielemans
100%
Belgium 2 CB Sporting CP Zeno Debast
100%
Belgium 20 AM Club Brugge KV Hans Vanaken
94%
Belgium 13 GK RC Strasbourg Alsace Mike Penders
94%
Belgium 23 DM Rangers FC Nicolas Raskin
94%
Belgium 4 CB Club Brugge KV Brandon Mechele
89%
Belgium 5 LB Brighton & Hove Albion Maxim De Cuyper
89%
Belgium Manager France Rudi Garcia
89%
Belgium 15 RB LOSC Lille Thomas Meunier
89%
Belgium 18 LB Club Brugge KV Joaquin Seys
83%
Belgium 26 ST LOSC Lille Matias Fernandez-Pardo
83%
Belgium 19 LM RC Strasbourg Alsace Diego Moreira
78%
Belgium 14 RW SL Benfica Dodi Lukébakio
78%
Belgium 25 CB LOSC Lille Nathan Ngoy
78%
Belgium 16 CB AC Milan Koni De Winter
67%
No matching quizzes found
Score Distribution
Percent of People with Each Score
Percentile by Number Answered
Your Score History
You have not taken this quiz